000 00330nam a2200133Ia 4500
008 190216s9999||||xx |||||||||||||| ||und||
100 _aSamir K Banerji
245 0 _aEnvironmental Chemistry
250 _a2nd Ed.
260 _bPrentice Hall Of India Pvt Ltd
_c1994
300 _a178
650 _aChemistry-Chemistry
942 _cBK
999 _c3068
_d3068